00454cam a22001217a 4500008004000000082002000040100001700060245007300077260006300150300001000213500007700223650003200300180718b1985 xxu||||| |||| 00| 0 eng d aAPPPA 84-85 PAR aParekh, H.C. aStructure & functions of Rajasthan service commisioncby H.C. Parekh aNew DelhibIndian Institute of Public Administrationc1985 a148p. aTenth advanced professional programme in public administration (1984-85) aRajasthan service commision